| 000 | 00864nam0a22002891 4500 | ||
|---|---|---|---|
| 001 | v19\rc\1950436 | ||
| 005 | 20251118180917.2 | ||
| 035 | _a(NLR Aleph) 005035465 | ||
| 090 |
_a6736404 _c6736404 |
||
| 100 | _a20080428d1913 u y0rusy50 ca | ||
| 101 | 0 | _arus | |
| 102 | _aRU | ||
| 105 | _ay z |||a| | ||
| 200 | 1 |
_aКошмар жизни _eРассказ _a[В осеннюю пору _eРассказ] _fР.А. Кромошев |
|
| 210 |
_aВязьма _cТипо-лит. Р. Писаревской _d1913 |
||
| 215 |
_a31 с. _d17 |
||
| 309 | _aБез тит. л. | ||
| 540 | 1 | _aВ осеннюю пору | |
| 700 | 1 |
_aКромошев _bР.А. |
|
| 801 | 0 |
_aRU _bNLR _gpsbo |
|
| 801 | 0 |
_aRU _bRuMoRGB _2psbo |
|
| 801 | 1 |
_aRU _bProSoft-M _2rusmarc |
|
| 852 |
_aNLR _j37.53.8.147 |
||
| 899 |
_aRuMoRGB _jV 37/364 |
||
| 899 | _aБАН | ||
| 942 | _cBOOK | ||
| 980 | _aNB | ||